| 000 | 02229nab a2200265 i 4500 | ||
|---|---|---|---|
| 003 | BR-BrBNA | ||
| 005 | 20250306153934.0 | ||
| 008 | 250306b2015 bl.qr|pooa||| 00| 0 por | | ||
| 040 |
_aBR-BrBNA _bpor |
||
| 072 | _aF70 | ||
| 100 | _aGoldenberg, Renato | ||
| 100 | _aBacci, Lucas Freitas | ||
| 100 | _aMoraes, Juliana Wilgozz | ||
| 245 | _aA tribo Microlicieae (Melastomataceae) no estado do Paraná | ||
| 500 | _aPublicação on-line; 30 ref.; 1 illus.; Summaries (En, Pt) | ||
| 520 | _a Resumo Os gêneros Chaetostoma, Lavoisiera, Microlicia, Rhynchanthera e Trembleyasão os representantes da tribo Microlicieae no estado do Paraná, com nove espécies: C. armatum, L. imbricata, L. pulchella, M. myrtoidea, R. brachyrhyncha, R. cordata, R dichotoma, T. parviflora e T. phlogiformis. Neste trabalho foi elaborado o tratamento taxonômico para as espécies de Microlicieae no estado, com chaves de identificação, descrições morfológicas, comentários, ilustrações e informações sobre distribuição geográfica das espécies, além da lista de materiais examinados. Palavras-chave: Chaetostoma, Lavoisiera, Microlicia, Rhynchanthera, taxonomia, Trembleya. Abstract The genera Chaetostoma, Lavoisiera, Microlicia, Rhynchanthera and Trembleya in the tribe Microlicieae occur in the state of Paraná, with nine species: C. armatum, L. imbricata, L. pulchella, M. myrtoidea, R. brachyrhyncha, R. cordata, R dichotoma, T. parviflora and T. phlogiformis. We present a taxonomic treat- ment for the species of Microlicieae for the state, with identification keys, descriptions, comments, drawings, information on geographic distribution and specimen lists. Key words: Chaetostoma, Lavoisiera, Microlicia, Rhynchanthera, taxonomy, Trembleya. | ||
| 650 | _aTAXONOMIA | ||
| 650 | _aMELASTOMATACEAE | ||
| 650 | _aESPÉCIE | ||
| 650 | _aPARANÁ | ||
| 773 | 0 |
_0709 _9348886 _dRio de Janeiro-RJ Jardim Botanico do Rio de Janeiro 1935 _o2025-1382 _tRodriguésia (Brazil) _x0370-6583; 2175-7860 on-line _gv. 66(1) p. 155-165; (2015) _wBR2024004988 |
|
| 856 | _uhttps://www.scielo.br/j/rod/a/km6NYfzsRTfd8Jd3R7tqccv/?format=pdf&lang=pt | ||
| 942 | _cANA | ||
| 999 |
_c330242 _d330242 |
||